000 00467nam a2200169Ia 4500
999 _c27406
_d27406
003 OSt
005 20201204102513.0
008 190216s9999||||xx |||||||||||||| ||und||
040 _coclc
082 _a894.8123
_bMAR/I
100 _aMarar, S K
_96721
245 0 _aIni /
_cS K Marar
260 _bPoorna Publications,
_c1990.
_aKozhikode:
300 _a108p
650 _aNovel Malayalam
942 _cBK
_2ddc
_h894.8123
_iMAR/I
_k894.8123
_mMAR/I